LDR 00761nam a2200205 i 4500 001 000000126925 003 CaOOAMICUS 005 20260604160904.0 008 040528s2003 it u000 u ita u 020 $a88-06-16444-9 040 $aSeMil$bita 245 10$a1: AldilĂ - Lavoro. 300 $aXXXIV, 586 p. ;$c22 cm. 773 0 $aSchmitt, Jean-Claude <1946- >$tDizionario dell'Occidente medievale.$dTorino : Einaudi, 2003-2004.$gVolume1$w()11705 850 $aSeMil 852 $aSeMil$W1$xVenegono$y1$mSL1.G III 28/1$j272922$B81269$CSeMilBibl$Z2$F83475 $8I 961 $aAcquisto: Einaudi (Agente) 996 $6020$a88-06-16444-9$9(OLS)http://semarc/number/113224 996 $6245$a1: AldilĂ - Lavoro$9(OLS)http://semarc/title/187240